| 000 | 00696cam a2200229 a 4500 | ||
|---|---|---|---|
| 001 | 000019107 | ||
| 005 | 20200929165927.0 | ||
| 008 | 790619s1978 ve 000 p spa d | ||
| 040 |
_aDO-SdBNP _bspa _cDLC _dBNPHU |
||
| 082 |
_aVe861.44 _bA982a |
||
| 100 | 1 |
_aAymará, Dionisio. _941117 |
|
| 245 | 1 | 0 |
_aAprendizaje de la muerte : _bpoemas / _cDionisio Aymará. |
| 260 |
_aCaracas, Venezuela : _bContemporánea, _c1978. |
||
| 300 |
_a98 p. ; _c19 cm. |
||
| 490 | 1 |
_aPoesía _v1 |
|
| 650 | 4 |
_aPoesía venezolana _94230 |
|
| 650 | 4 |
_aLiteratura venezolana _93816 |
|
| 650 | 4 |
_aAprendizaje _xPoesía _941118 |
|
| 830 | 0 |
_aPoesía ; _v1 _91183 |
|
| 910 | _aCatalogación derivada / LC | ||
| 049 | _aBNGR | ||
| 999 |
_c18625 _d18625 |
||